Puro ritmo. Manual para la práctica integrada del ritmo en la clase de solfeo
Guardat en:
| Autor principal: | |
|---|---|
| Format: | Llibre |
| Idioma: | espanyol |
| Publicat: |
Santiago, Chile:
Ediciones Universidad Católica de Chile,
2011.
|
| Edició: | Primera edición. |
| Matèries: | |
| Etiquetes: |
Afegir etiqueta
Sense etiquetes, Sigues el primer a etiquetar aquest registre!
|
MARC
| LEADER | 00000cam a2200000 a 4500 | ||
|---|---|---|---|
| 001 | UCF0099 | ||
| 003 | CL-VaPUC | ||
| 005 | 20250328150710.0 | ||
| 008 | 120427e20110000CL |||||||||||||||||spa|d | ||
| 999 | |c 347581 |d 347579 | ||
| 020 | |a 9789561411913 | ||
| 040 | |c Pontificia Universidad Católica de Valparaíso | ||
| 082 | 0 | 4 | |a 781.423 ALL 2011 |b |2 21 |
| 100 | 0 | |a Allende Martínez, Gina |e autora |9 561916 | |
| 245 | 1 | 0 | |a Puro ritmo. |b Manual para la práctica integrada del ritmo en la clase de solfeo |
| 250 | |a Primera edición. | ||
| 260 | |a Santiago, Chile: |b Ediciones Universidad Católica de Chile, |c 2011. | ||
| 300 | |a 290 páginas. | ||
| 500 | |a c.4-c.5.Instituto Arcos 8-1-2025 | ||
| 583 | |a last modification |c 20120904 05:37:24 |k Rodrigo Vera | ||
| 650 | 0 | |a Solfeo |9 460401 | |
| 650 | 0 | |a Ritmo |9 306417 | |
| 650 | 0 | |a Lectura musical |9 456565 | |
| 650 | 0 | |a Enseñanza de la música |9 339802 | |
| 650 | 0 | |a Estudio y enseñanza |9 270395 | |
| 650 | 0 | |a Partituras |9 324008 | |
| 942 | |c BK |2 ddc |n 0 | ||
| 945 | |d 20120427 00:00:00 |a cmena | ||
| 952 | |0 0 |1 0 |4 0 |6 781_423000000000000_ALL_2011 |7 0 |8 X |9 449018 |a BIBEDU |b BIBEDU |d 2019-11-22 |i 485943K |o 781.423 ALL 2011 |p 485943K |r 2023-01-12 |w 2019-11-22 |y BK_X |k MUS | ||
| 952 | |0 0 |1 0 |4 0 |6 781_423000000000000_ALL_2011 |7 0 |8 X |9 449019 |a BIBEDU |b BIBEDU |d 2019-11-22 |i 4859448 |l 1 |o 781.423 ALL 2011 |p 4859448 |r 2023-04-12 |s 2023-04-12 |w 2019-11-22 |y BK_X |k MUS | ||
| 952 | |0 0 |1 0 |2 ddc |3 erb |4 0 |6 781_423000000000000_ALL_2011 |7 0 |9 485114 |a BIBEDU |b BIBEDU |i 5414024 |o 781.423 ALL 2011 |p 5414024 |r 2023-01-12 |w 2019-11-24 |y BK |z Catalogado en:20170818 |k MUS | ||
| 952 | |0 0 |1 0 |2 ddc |4 0 |6 781_423000000000000_ALL_2011 |7 0 |8 A |9 599891 |a BIBINC |b BIBINC |d 2025-01-24 |e Instituto Arcos |i 5664843 |o 781.423 ALL 2011 |p 5664843 |r 2025-01-24 |t 3 |w 2025-01-24 |y BK |k IFP | ||
| 952 | |0 0 |1 0 |2 ddc |4 0 |6 781_423000000000000_ALL_2011 |7 0 |8 A |9 599892 |a BIBINC |b BIBINC |d 2025-01-24 |e Instituto Arcos |i 5664844 |l 1 |o 781.423 ALL 2011 |p 5664844 |q 2025-05-21 |r 2025-04-21 |s 2025-04-21 |t 5 |w 2025-01-24 |y BK |k IFP | ||